000 00342nam a2200133 i 4500
001 bg
100 1 _aPHUONG CAO, V.
245 0 _aMetoda linearyzacji w nieliniowej dynamice plastycznych ciaƂ /
_cV. Phuong Cao.
260 _aWarszawa,
_c1985.
040 _cBPK
041 _apol
942 _cKS
008 s pl f |000 0 pol
999 _c28326
_d28326
856 _uhttp://koha.tu.koszalin.pl/cgi-bin/koha/opac-detail.pl?biblionumber=28326
_yKatalog online BPK